| 000 | 00371nam a2200145 i 4500 | ||
|---|---|---|---|
| 001 | 20974 | ||
| 003 | ES-MaACL | ||
| 005 | 20230906152408.0 | ||
| 007 | t| | ||
| 008 | 021120s1963 gw ||||1| ger d | ||
| 245 | 0 | 0 | _aAegyptologische Forschyngen. |
| 260 |
_aHamburg : _bJ.J. Agustin Verlag, _c1963. |
||
| 300 |
_a31 h. ; _c21 cm. |
||
| 852 |
_aES-MaACL _j2042-F-4 _bR.55411 |
||
| 999 |
_c20974 _d20974 |
||